Movies Quiz

Random Movies or Quote Quiz

Semi-Iconic Movie Lines Quiz Stats

 Plays Quiz not verified by Sporcle

Challenge
Share
Tweet
Embed
Score 0/10 Timer 07:00
0 Plays Today
Memorable quotes Character Speaking % Correct
You have no power here! Begone, before somebody drops a house on you, too! The Wizard of Oz
91.7%
Someone has to save our skins. Into the garbage chute, fly boy. Star Wars
84.4%
If my calculations are correct, when this baby hits eighty-eight miles per hour... you're gonna see some serious ****. Back to the Future
84.1%
I just want to understand this, sir. Every time a rug is micturated upon in this fair city, I have to compensate the owner? The Big Lebowski
73.8%
I just work for Vizzini to pay the bills. There's not a lot of money in revenge. The Princess Bride
73%
Hey, you created me. I didn't create some loser alter-ego to make myself feel better. Take some responsibility! Fight Club
71.3%
Remember, remember, the Fifth of November, the Gunpowder Treason and Plot. V For Vendetta
68.8%
Bitch, you can stop right there. Just because I have no wish to murder you before the eyes of your daughter, does not mean parading her around in front of me is going to inspire syKill Bill Vol. 1
40.1%
Does Barry Manilow know that you raid his wardrobe? The Breakfast Club
35%
Here we are. You got me into your house. You give me a drink. You... put on music. Now you start opening up your personal life to me and tell me your husband won't be home for hourThe Graduate
32%

You're not logged in!

Compare scores with friends on all Sporcle quizzes.
Join for Free
OR
Log In

You Might Also Like...

Show Comments

Extras

Top Quizzes Today


Score Distribution

Your Account Isn't Verified!

In order to create a playlist on Sporcle, you need to verify the email address you used during registration. Go to your Sporcle Settings to finish the process.

Report this User

Report this user for behavior that violates our Community Guidelines.

Details: